| 000 | 00424nam a2200181Ia 4500 | ||
|---|---|---|---|
| 003 | 0STCL | ||
| 008 | 150530s9999 xx 000 0 und d | ||
| 040 |
_aSTCL _cSTCL |
||
| 100 | _aArumugam,S.;Ramachandran, S. | ||
| 245 | _aInvitation to Graph Theory | ||
| 250 | _a1 | ||
| 260 |
_bScitech; Chennai _c2009 _aChennai |
||
| 300 | _a0 | ||
| 546 | _aEnglish | ||
| 942 |
_2ddc _cBK |
||
| 999 |
_c21535 _d21535 |
||
| 005 | 20220125165922.0 | ||